The 10 Most Populated Countries in Asia - Map Quiz - Statistics

General Stats
  • This quiz has been taken 28 times
  • The average score is 8 of 10
Answers on the Map
Answers color-coded by a green-red scale on the quiz's map according to % correct below.
 
Answer Stats
Answer % Correct
China
100%
India
100%
Indonesia
100%
Bangladesh
83%
Pakistan
78%
Japan
72%
Philippines
67%
Vietnam
61%
Turkey
50%
Iran
39%
No matching quizzes found
Score Distribution
Percent of People with Each Score
Percentile by Number Answered
Your Score History
You have not taken this quiz